On This Day: September 7th II Quiz Stats

 Plays Quiz Updated Sep 7, 2018

Score 0/7 Timer 03:00
0 Plays Today
Question Answer Wrong Answers
Guillaume Apollinaire, the French poet and novelist, is arrested on suspicion of involvement in stealing this iconic Renaissance portrait from the Louvre; he later implicates Pablo Picasso (neither man was really involved).
1911
Mona Lisa
89.2%
Girl with a Pearl Earring
5.3%
Portrait of Adele Bloch-Bauer I
2.1%
Whistler's Mother
3%
The German Luftwaffe begins this campaign, bombing London for over 50 consecutive nights.
1940
The Blitz
84.7%
D-Day
2%
Operation Barbarossa
4.6%
Operation Overlord
8%
This West Coast rapper and actor, known for albums like ‘Me Against the World’ and ‘All Eyez on Me,’ and films like ‘Above the Rim,’ is fatally shot in Las Vegas.
1996
Tupac Shakur
80.9%
The Notorious B.I.G.
15.5%
Nas
1.3%
Ja Rule
1.4%
In response to an attempted bank robbery, armed citizens in Northfield, Minnesota drive off this infamous outlaw, his brother, and the rest of their gang.
1876
Jesse James
76.6%
Billy the Kid
10.5%
Butch Cassidy
5.6%
John Dillinger
7.2%
In Qing dynasty China, this nationalist uprising against European colonial and missionary efforts ends after nearly two years.
1901
Boxer Rebellion
73.9%
First Opium War
13.5%
Taiping Rebellion
7.2%
First Sino-Japanese War
5.2%
Amid a financial crisis caused by the housing bubble, the US government takes control of these mortgage financing companies, the nation’s largest.
2008
Fannie Mae and Freddie Mac
69.9%
Wells Fargo and U.S. Bank
7%
Quicken Loans and Freedom Mortgage Corp.
2.5%
Bank of America and JP Morgan Chase Bank
19.6%
This consumer credit reporting agency publicly admits that a data breach could affect as many as 143 million Americans.
2017
Equifax
62.6%
Experian
25.1%
TransUnion
9%
Innovis
1.8%

You're not logged in!

Compare scores with friends on all Sporcle quizzes.
OR
Log In

Sporcle TV

Today on Sporcle TV


Watch our educational content, quiz creation guides, and fun videos on Sporcle TV.

Show Comments

Extras

Top Quizzes Today


Score Distribution

Your Account Isn't Verified!

In order to create a playlist on Sporcle, you need to verify the email address you used during registration. Go to your Sporcle Settings to finish the process.

Report this User

Report this user for behavior that violates our Community Guidelines.

Details: